[Event "CZE-chT2F 2223"]
[Site "Czech Republic"]
[Date "2022.10.16"]
[Round "1"]
[White "Vesely, Martin"]
[Black "Fialka, Adam"]
[Result "0-1"]
[WhiteElo "2024"]
[BlackElo "1899"]
[PlyCount "74"]
[EventDate "2022.10.16"]
[EventType "team-tourn"]
[EventRounds "11"]
[EventCountry "CZE"]
[SourceTitle "EXT 2024"]
[Source "ChessBase"]
[SourceDate "2023.10.10"]
[SourceVersion "1"]
[SourceVersionDate "2023.10.10"]
[SourceQuality "1"]
[WhiteTeam "Ostrava II"]
[BlackTeam "Orlova Slavia II"]
[WhiteTeamCountry "CZE"]
[BlackTeamCountry "CZE"]

1. d4 Nf6 2. Nf3 e6 3. g3 d5 4. Bg2 c6 5. 0-0 Bd6 6. b3 Nbd7 7. c4 0-0 8. Nc3 dxc4 9. bxc4 e5 10. e3 Re8 11. Bb2 Qb6 12. Qc2 Qa6 13. Qb3 exd4 14. exd4 Nf8 15. Rfe1 Be6 16. d5 cxd5 17. cxd5 Bd7 18. Bf1 Qa5 19. Nb5 Rxe1 20. Rxe1 Bb4 21. Rb1 Bxb5 22. Bxb5 Qxb5 23. Bxf6 gxf6 24. Qxb4 Qxd5 25. Qxb7 Qxa2 26. Rb4 Rd8 27. Qe7 Rd1+ 28. Kg2 Qe6 29. Qxa7 Qe2 30. g4 Qf1+ 31. Kg3 Rd3 32. Rf4 Qg1+ 33. Kh3 Ne6 34. Rxf6 Ng5+ 35. Kh4 Nxf3+ 36. Rxf3 Qxh2+ 37. Kg5 h6+ 0-1

[Event "Bohumin op 5th"]
[Site "Bohumin"]
[Date "2022.07.06"]
[Round "5"]
[White "Lojek, Marek"]
[Black "Fialka, Adam"]
[Result "1-0"]
[WhiteElo "2142"]
[BlackElo "1847"]
[PlyCount "63"]
[EventDate "2022.07.02"]
[EventType "swiss"]
[EventRounds "9"]
[EventCountry "CZE"]
[SourceTitle "CBM 209 Extra"]
[Source "ChessBase"]
[SourceDate "2022.09.30"]
[SourceVersion "1"]
[SourceVersionDate "2022.09.30"]
[SourceQuality "1"]

1. e4 c5 2. Nf3 e6 3. g3 Nc6 4. Bg2 b5 5. d4 cxd4 6. Nxd4 Qb6 7. Nb3 Bb4+ 8. c3 Be7 9. Be3 Qc7 10. 0-0 d6 11. a4 bxa4 12. Rxa4 a5 13. c4 e5 14. Nc3 Nf6 15. Nd5 Nxd5 16. exd5 Nd4 17. Nxd4 exd4 18. Bxd4 Bd7 19. Bxg7 Rg8 20. Bc3 Bxa4 21. Qxa4+ Qd7 22. Qc2 f5 23. Re1 0-0-0 24. Ra1 Rdf8 25. Rxa5 Bd8 26. Rb5 Qa7 27. b4 f4 28. Bh3+ Kc7 29. Qxh7+ Rg7 30. Qxg7+ Rf7 31. Qxf7+ Be7 32. Qxe7# 1-0

[Event "Bohumin op 4th"]
[Site "Bohumin"]
[Date "2021.07.09"]
[Round "7"]
[White "Mrazek, Roman1111"]
[Black "Fialka, Adam"]
[Result "1/2-1/2"]
[WhiteElo "1563"]
[BlackElo "1774"]
[PlyCount "23"]
[EventDate "2021.07.03"]
[EventType "swiss"]
[EventRounds "9"]
[EventCountry "CZE"]
[SourceTitle "CBM 203 Extra"]
[Source "ChessBase"]
[SourceDate "2021.09.30"]
[SourceVersion "1"]
[SourceVersionDate "2021.09.30"]
[SourceQuality "1"]

1. e4 e6 2. d3 d5 3. Nd2 dxe4 4. dxe4 Nf6 5. g3 Bc5 6. c3 e5 7. Be2 0-0 8. h4 c6 9. b4 Bb6 10. Qc2 Ng4 11. Bxg4 Bxg4 12. Nc4 1/2-1/2

[Event "CZE-ch Betsys Online Blitz"]
[Site "Chess.com INT"]
[Date "2021.04.17"]
[Round "13"]
[White "Fialka, Adam"]
[Black "Zednicek, Filip"]
[Result "1-0"]
[WhiteElo "1774"]
[BlackElo "1548"]
[PlyCount "131"]
[EventDate "2021.04.17"]
[EventType "swiss (blitz)"]
[EventRounds "13"]
[EventCountry "CZE"]
[SourceTitle "CBM 201 Extra"]
[Source "ChessBase"]
[SourceDate "2021.05.31"]
[SourceVersion "1"]
[SourceVersionDate "2021.05.31"]
[SourceQuality "1"]

1. e4 e5 2. Bc4 Nc6 3. Nf3 Nf6 4. d4 exd4 5. 0-0 d6 6. Nxd4 Be7 7. Nxc6 bxc6 8. Nc3 0-0 9. h3 Bb7 10. f4 d5 11. Bd3 dxe4 12. Bxe4 Nxe4 13. Nxe4 Qxd1 14. Rxd1 Rad8 15. Be3 Rd5 16. c4 Rdd8 17. Nc5 Bc8 18. g4 Rfe8 19. Kf2 Bh4+ 20. Kf3 Rd6 21. Rd4 Rde6 22. Nxe6 Bxe6 23. Re4 g6 24. b3 h5 25. g5 Bg4+ 26. hxg4 hxg4+ 27. Kxg4 Rxe4 28. Bxa7 Bf2 29. Bxf2 Re2 30. Bd4 Rg2+ 31. Kf3 Rh2 32. Re1 Rh3+ 33. Kg4 f5+ 34. Kxh3 Kf7 35. Bf6 c5 36. Re7+ Kf8 37. Rf7+ Kxf7 38. Kg3 Ke6 39. Kf3 Kd6 40. Ke3 Kc6 41. Kd3 Kd6 42. Kc3 Kc6 43. a4 Kb6 44. b4 cxb4+ 45. Kxb4 c5+ 46. Ka3 Ka5 47. Bd8+ Ka6 48. Be7 Kb6 49. a5+ Kxa5 50. Bxc5 Ka6 51. Kb4 Kb7 52. Kb5 Kc7 53. Bd4 Kd6 54. Be5+ Kd7 55. Kb6 Kc8 56. Kc6 Kd8 57. Kb7 Kd7 58. c5 Ke6 59. c6 Kd5 60. c7 Ke6 61. c8Q+ Ke7 62. Qc7+ Ke6 63. Qd6+ Kf7 64. Qd7+ Kf8 65. Kc6 Kg8 66. Qg7# 1-0

[Event "Orlova op 13th"]
[Site "Orlova"]
[Date "2016.05.21"]
[Round "1"]
[White "Novak, Tomas"]
[Black "Fialka, Adam"]
[Result "0-1"]
[WhiteElo "1111"]
[BlackElo "1825"]
[PlyCount "84"]
[EventDate "2016.05.21"]
[EventType "swiss"]
[EventRounds "9"]
[EventCountry "CZE"]
[SourceTitle "EXT 2017"]
[Source "ChessBase"]
[SourceDate "2016.10.25"]
[SourceVersion "1"]
[SourceVersionDate "2016.10.25"]
[SourceQuality "1"]

1. e4 c5 2. Nf3 e6 3. Bc4 Qc7 4. 0-0 d6 5. Nc3 Nf6 6. Nb5 Qc6 7. Qe2 a6 8. Nc3 e5 9. d3 Be6 10. Be3 Bxc4 11. dxc4 Nxe4 12. Nxe4 Qxe4 13. Ng5 Qg6 14. Rad1 Be7 15. Nf3 0-0 16. Rfe1 Nc6 17. Qd2 Rfd8 18. Qc3 b5 19. cxb5 axb5 20. a3 b4 21. axb4 Nxb4 22. Re2 h6 23. h3 Qe4 24. Nd2 Qxc2 25. Qxc2 Nxc2 26. Nc4 Nd4 27. Red2 Rab8 28. Bxd4 cxd4 29. Rb1 f6 30. Na5 Rdc8 31. b4 Bd8 32. Rbb2 Bxa5 33. bxa5 Rxb2 34. Rxb2 Rc1+ 35. Kh2 Ra1 36. Rb5 Kf7 37. Rb7+ Ke6 38. Ra7 d3 39. Rxg7 Rxa5 40. Rg3 d2 41. Rd3 Rd5 42. Rxd5 Kxd5 0-1

[Event "CZE-chT U18 Extraliga final-B 1516"]
[Site "Czech Republic"]
[Date "2016.04.23"]
[Round "9.2"]
[White "Fialka, Adam"]
[Black "Slovak, Kilian"]
[Result "0-1"]
[WhiteElo "1744"]
[BlackElo "2080"]
[PlyCount "56"]
[EventDate "2015.10.03"]
[EventType "team-tourn"]
[EventRounds "11"]
[EventCountry "CZE"]
[SourceTitle "EXT 2022"]
[Source "ChessBase"]
[SourceDate "2021.10.06"]
[SourceVersion "1"]
[SourceVersionDate "2021.10.06"]
[SourceQuality "1"]
[WhiteTeam "Orlova Slavia U18 II"]
[BlackTeam "Praha Kobylisy U18"]
[WhiteTeamCountry "CZE"]
[BlackTeamCountry "CZE"]

1. e4 c5 2. c4 Nc6 3. Nc3 e6 4. d3 Nf6 5. Bg5 Be7 6. g3 h6 7. Bxf6 Bxf6 8. Nge2 0-0 9. Bg2 d6 10. 0-0 a6 11. f4 Bd7 12. Qe1 Rb8 13. Rb1 b5 14. cxb5 axb5 15. a4 bxa4 16. Nxa4 Nb4 17. b3 Bb5 18. Rf3 Bxd3 19. Rd1 Bxe4 20. Rf1 Bxg2 21. Kxg2 Qc7 22. Rf3 Qc6 23. Qd2 Rfd8 24. Kf2 Qd7 25. f5 e5 26. Nec3 d5 27. h4 e4 28. Rf4 Nd3+ 0-1

[Event "Orlova op-A 12th"]
[Site "Orlova"]
[Date "2015.05.24"]
[Round "1"]
[White "Fialka, Adam"]
[Black "Talla, Vladimir"]
[Result "0-1"]
[WhiteElo "1667"]
[BlackElo "2416"]
[PlyCount "64"]
[EventDate "2015.05.24"]
[EventType "swiss"]
[EventRounds "9"]
[EventCountry "CZE"]
[SourceTitle "CBM 166 Extra"]
[Source "ChessBase"]
[SourceDate "2015.06.18"]
[SourceVersion "1"]
[SourceVersionDate "2015.06.18"]
[SourceQuality "1"]

1. e4 c5 2. Nf3 d6 3. d4 cxd4 4. Nxd4 Nf6 5. Nc3 a6 6. Be3 e5 7. Nb3 Be7 8. Be2 0-0 9. f3 Be6 10. 0-0 Nbd7 11. Qd2 Rc8 12. Rfd1 Qc7 13. Kh1 Rfd8 14. Rac1 Nb6 15. Bxb6 Qxb6 16. Bd3 h6 17. Qe1 Qc7 18. Qf2 b5 19. h3 b4 20. Ne2 d5 21. c3 dxe4 22. Bxe4 Nxe4 23. fxe4 Bg5 24. Rxd8+ Qxd8 25. Rf1 a5 26. cxb4 axb4 27. Nec1 Rc4 28. Qe2 Qa8 29. Nd2 Rc2 30. Ncb3 Bxb3 31. axb3 Rxd2 32. Qc4 Qb7 0-1

[Event "Orlova op-A 11th"]
[Site "Orlova"]
[Date "2014.05.30"]
[Round "5"]
[White "Korinek, Jaroslav"]
[Black "Fialka, Adam"]
[Result "1/2-1/2"]
[WhiteElo "1812"]
[BlackElo "1543"]
[PlyCount "64"]
[EventDate "2014.05.26"]
[EventType "swiss"]
[EventRounds "9"]
[EventCountry "CZE"]
[SourceTitle "CBM 160 Extra"]
[Source "ChessBase"]
[SourceDate "2014.07.01"]
[SourceVersion "1"]
[SourceVersionDate "2014.07.01"]
[SourceQuality "1"]

1. e4 c5 2. Nf3 Nc6 3. Bc4 e6 4. 0-0 g6 5. d4 cxd4 6. Nxd4 Bg7 7. Nxc6 bxc6 8. c3 Qc7 9. Nd2 Ne7 10. Nf3 0-0 11. Bg5 d6 12. Qd2 d5 13. exd5 cxd5 14. Bd3 e5 15. Bc2 Bb7 16. Bh6 Nf5 17. Bxg7 Kxg7 18. Rfe1 e4 19. Nd4 Nd6 20. Bb3 Rac8 21. Re3 Qd7 22. Rh3 h5 23. Bd1 f6 24. Rc1 Rh8 25. f3 Nf5 26. fxe4 dxe4 27. Nxf5+ Qxf5 28. c4 Rcd8 29. Qc3 Rd3 30. Rxd3 exd3 31. Qb4 Qe4 32. Qd2 Qd4+ 1/2-1/2